Famous Headlines - Statistics

General Stats
  • This quiz has been taken 5 times
  • The average score is 2 of 12
Answer Stats
Hint Answer % Correct
Death HITLER DEAD
80%
Tragedy WAR ON AMERICA
40%
Death DIANA DEAD
20%
Milestone GREATEST CRASH IN WALL STREET'S HISTORY
20%
End NIXON RESIGNS
20%
End VE-DAY - IT'S ALL OVER
20%
Death BEATLE JOHN LENNON SLAIN
0%
Death KING ELVIS DEAD
0%
Death MARTIN KING SHOT TO DEATH
0%
Milestone THE FIRST FOOTSTEP
0%
Tragedy TITANIC SINKS FOUR HOURS AFTER HITTING ICEBERG
0%
Tragedy WE SAW THE SEA COMING, WE ALL RAN. BUT GOD SAVES LITTLE
0%
No matching quizzes found
Score Distribution
Percent of People with Each Score
Percentile by Number Answered
Your Score History
You have not taken this quiz